000 00264 a2200121 4500
001 153648
040 _cEscola São Tomás de Aquino
240 1 0 _aNo Balde
_lpor
245 1 0 _aNo Balde
440 1 _aCiranda Cultural
697 _a*LITERATURA INFANTO
942 _cBK
999 _c153648
_d153648